| 000 | 00717nam a2200229 i 4500 | ||
|---|---|---|---|
| 001 | 70534 | ||
| 003 | ES-MaACL | ||
| 005 | 20250826085709.0 | ||
| 007 | t| | ||
| 008 | 040727s1974 sp ||||1| spa d | ||
| 100 | 1 |
_aGarcía Venero, Maximiano. _955393 |
|
| 245 | 1 | 0 |
_aMelquíades Alvarez _b: historia de un liberal / _cMaximiano García Venero ; prólogo de Azorín. |
| 250 | _a2ª ed. ampl. | ||
| 260 |
_aMadrid : _bTebas, _c1974. |
||
| 300 |
_a518 p., 8 lám. ; _c23 cm. |
||
| 490 | 1 | _aHistoria política | |
| 600 | 1 | 7 |
_aÁlvarez, Melquíades, _d1864-1936 _2embne _920665 |
| 700 | 0 |
_aAzorín, _d1873-1967 _924326 |
|
| 830 | 1 |
_aHistoria política _9183303 |
|
| 852 |
_aES-MaACL _jE-6284 |
||
| 999 |
_c70534 _d70534 |
||